Score 0/33 Timer 11:00
2 Plays Today
% Correct
What's the name of his other leg?
88%
But Greenwich, they say, takes its time from Admiral Boom.
87.6%
Witches have brooms.
87.5%
Fat birds.
86.8%
I make it a point never to give references. A very old-fashioned idea, to my mind.
86.6%
He stands about all day and makes faces!
86.5%
And the lady said, 'That's all right with me, but how are you with catching mice?'
86.5%
And my friend said, 'Well, from about September to March.'
86.4%
Adorable — well that's debatable, I must say.
85.8%
She hasn't broken a dish all morning.
85.2%
And they've all been unqualified disasters!
84.4%
The job's a game.
84.1%
'Mary Poppins, practically perfect in every way.'
83.9%
No, and that was nothing like a good joke.
83.4%
We are not a codfish.
83.2%
Father is.
82.7%
I never explain anything.
81%
% Correct
And don't stumble on the way out, dearie.
79.7%
Yes, well, I always know what to say.
78.9%
Easily made, easily broken.
78.9%
Is something supposed to happen?
78.7%
Madam, that is entirely beside the point!
77.4%
Or I might just fly a kite. Only Poppins would know.
74.9%
I told you she was tricky.
74.8%
Winifred, I should like to make a slight differentiation between the word cheerful and just plain giddy irresponsibility.
74.1%
Indubitably.
73.4%
Gone off his crumpet, that's what he's done. Dotty as you please.
71.3%
Well, no, sir, no. I didn't mean you *personally.*
65.9%
Father died laughing!
65.4%
Practically perfect people never permit sentiment to muddle their thinking.
64.5%
I'm sure I never do.
62.6%
My dear, never confuse efficiency with a liver complaint.
60.1%
How sensible of you!
53.6%
Remove Ads.
Support Sporcle.
Get the best of Sporcle when you Go Orange. This ad-free experience offers more features, more stats, and more fun while also helping to support Sporcle. Thank you for becoming a member.

You're not logged in!

Compare scores with friends on all Sporcle quizzes.
OR
Log In

Show Comments

Extras

Top Quizzes Today


Score Distribution

Your Account Isn't Verified!

In order to create a playlist on Sporcle, you need to verify the email address you used during registration. Go to your Sporcle Settings to finish the process.

Report this User

Report this user for behavior that violates our Community Guidelines.

Details: